|
|
|
|
| LEADER |
00000nam0a2200000 4500 |
| 001 |
137214 |
| 005 |
20231101220651.0 |
| 010 |
|
|
|a 9785469016731
|
| 035 |
|
|
|a (RuTPU)RU\TPU\book\148706
|
| 090 |
|
|
|a 137214
|
| 100 |
|
|
|a 20080507d2007 m y0rusy50 ca
|
| 101 |
0 |
|
|a rus
|
| 102 |
|
|
|a RU
|
| 105 |
|
|
|a a j 001zy
|
| 200 |
1 |
|
|a Разработка управленческого решения
|e учебник
|f А. Э. Саак, В. Н. Тюшняков
|
| 210 |
|
|
|a СПб.
|c Питер
|d 2007
|
| 215 |
|
|
|a 272 с.
|c ил.
|
| 225 |
1 |
|
|a Учебник для вузов
|
| 320 |
|
|
|a Библиогр.: с. 204-210.
|
| 330 |
|
|
|a В учебнике рассматривается сущность, содержание и типология управленческих решений в системе государственного и муниципального управления. Изложены основы методологии и организации процесса разработки и реализации управленческих решений. Особое внимание уделено приемам разработки и выбора управленческих решений в условиях неопределенности и риска, анализу факторов качества и эффективности управленческих решений в органах власти и управления. Рассмотрены направления совершенствования процесса разработки и принятия управленческих решений на основе применения информационно-коммуникационных технологий. Учебник подготовлен в полном соответствии с Государственным образовательным стандартом высшего профессионального образования специальности 080504 — «Государственное и муниципальное управление» по дисциплине «Разработка управленческого решения». Он предназначен для студентов, преподавателей, специалистов, чья деятельность связана с разработкой и принятием управленческих решений в системе государственного и муниципального управления.
|
| 606 |
1 |
|
|a Управленческие решения
|x Принятие
|2 stltpush
|3 (RuTPU)RU\TPU\subj\37173
|9 58293
|
| 610 |
1 |
|
|a управленческие решения
|
| 610 |
1 |
|
|a разработка
|
| 610 |
1 |
|
|a учебники
|
| 610 |
1 |
|
|a государственное управление
|
| 610 |
1 |
|
|a муниципальное управление
|
| 610 |
1 |
|
|a классификация
|
| 610 |
1 |
|
|a внешняя среда
|
| 610 |
1 |
|
|a анализ
|
| 610 |
1 |
|
|a условия
|
| 610 |
1 |
|
|a риски
|
| 610 |
1 |
|
|a реализация
|
| 610 |
1 |
|
|a контроль
|
| 610 |
1 |
|
|a ответственность
|
| 686 |
|
|
|a У9(2)212.8я73
|v LBC/SL-A
|2 rubbk
|
| 700 |
|
1 |
|a Саак
|b А. Э.
|g Андрей Эрнестович
|
| 701 |
|
1 |
|a Тюшняков
|b В. Н.
|g Виталий Николаевич
|
| 801 |
|
1 |
|a RU
|b 63413507
|c 20080507
|g PSBO
|
| 801 |
|
2 |
|a RU
|b 63413507
|c 20150515
|g PSBO
|
| 942 |
|
|
|c BK
|
| 959 |
|
|
|a 47/20080428
|d 2
|e 140,00
|f АНЛ:1
|f ЧЗГЛ:1
|